000 00485nam a2200169Ia 4500
008 240729s9999 xx 000 0 und d
022 _a1880-6805
245 0 _aJournal of Physiological Anthropology
260 _aUnited Kingdom
260 _bBMC
650 _a Anthropology
650 _a Physical anthropology. Somatology
650 _aGeography. Anthropology. Recreation
856 _uhttps://doaj.org/toc/38c2f79cd2de46cb96deed1e4aed2d92
942 _2ddc
942 _cDOAJEJ
999 _c74327
_d74327
945 _a1
_bMadushi Gamage
_c1
_dMadushi Gamage